000 00704cam a2200253 a 4500
005 20260322212021.0
008 data
010 _a 2011004777
020 _a9781328841698
020 _a0547041012
020 _a9780547041018
024 8 _a40020136142
040 _aDLC
_cDLC
_dAFQ
_dIK2
_dORX
_dAFQ
042 _apcc
050 1 0 _aPE1628
_b.A623 2011
092 _a423 Ame 2018
245 1 4 _aThe American Heritage dictionary of the English language.
250 _a5th ed.
260 _aBoston :
_bHoughton Mifflin Harcourt,
_c2011.
300 _axxvii, 2084 p. :
_bill. (some col.), maps, ports. ;
_c29 cm.
500 _aPrevious ed.: 2000.
650 0 _aEnglish language
_vDictionaries.
001 data
999 _c478
_d478